00214nam a2200085 a 450000500170000000800410001705000170005810000140007524500390008920140414132037.0110322s19uu xx 00 eng d aTRbM55 2002 aWood, Don aMerry Christmas, big hungry bear!.